书目信息 |
| 题名: |
2006年全国硕士研究生入学考试形势政策当代世界经济与政治陈先奎大预测
|
|
| 作者: | 陈先奎 编 | |
| 分册: | ||
| 出版信息: | 北京 新华出版社 2005 |
|
| 页数: | 154页 | |
| 开本: | 26cm | |
| 丛书名: | ||
| 单 册: | ||
| 中图分类: | D643 | |
| 科图分类: | ||
| 主题词: | 政治--中国 | |
| 电子资源: | ||
| ISBN: | 7-5011-6380-4 | |
| 000 | 00698nam0 2200193 450 | |
| 001 | 0657958765 | |
| 005 | 20070704090945.79 | |
| 010 | @a7-5011-6380-4@dCNY15.00 | |
| 100 | @a20061012d2005 km y0chiy0120 ea | |
| 101 | 0 | @achi |
| 102 | @aCN@b110000 | |
| 200 | 1 | @a2006年全国硕士研究生入学考试形势政策当代世界经济与政治陈先奎大预测@A2006 nian quan guo shuo shi yan jiu sheng ru xue kao shi xing shi zheng ce dang dai shi jie jing ji yu zheng zhi chen xian kui da yu ce@f陈先奎编@Fchen xian kui bian |
| 210 | @a北京@c新华出版社@d2005 | |
| 215 | @a154页@d26cm | |
| 606 | 0 | @a政治@x中国 |
| 690 | @aD643@v3 | |
| 701 | 0 | @a陈先奎@Achen xian kui@4编 |
| 801 | 0 | @aCN@bPFT@c20070704 |
| 905 | @a10447@dD643@e106=3 | |
| 2006年全国硕士研究生入学考试形势政策当代世界经济与政治陈先奎大预测/陈先奎编.-北京:新华出版社,2005 |
| 154页;26cm |
| ISBN 7-5011-6380-4:CNY15.00 |
| ● |
| 相关链接 |
|
|
|
|
正题名:2006年全国硕士研究生入学考试形势政策当代世界经济与政治陈先奎大预测
索取号:D643/106=3
 
预约/预借
| 序号 | 登录号 | 条形码 | 馆藏地/架位号 | 状态 | 备注 |
| 1 | 0501858 | 205018586 | 密集书库/ [索取号:D643/106=3] | 在馆 | |
| 2 | 0501859 | 205018595 | 密集书库/ [索取号:D643/106=3] | 在馆 | |
| 3 | 0501860 | 205018602 | 密集书库/ [索取号:D643/106=3] | 在馆 | |
| 4 | 0501861 | 205018611 | 密集书库/ [索取号:D643/106=3] | 在馆 | |
| 5 | 0501862 | 205018620 | 密集书库/ [索取号:D643/106=3] | 在馆 | |
| 6 | 0501863 | 205018639 | 密集书库/ [索取号:D643/106=3] | 在馆 | |
| 7 | 0501864 | 205018648 | 密集书库/ [索取号:D643/106=3] | 在馆 | |
| 8 | 0501865 | 205018657 | 密集书库/ [索取号:D643/106=3] | 在馆 | |
| 9 | 0501866 | 205018666 | 密集书库/ [索取号:D643/106=3] | 在馆 | |
| 10 | 0501867 | 205018675 | 密集书库/ [索取号:D643/106=3] | 在馆 | |
| 11 | 0765082 | 207650825 | 第一借阅区/ [索取号:D643/106=3] | 在馆 | |
| 12 | 0778190 | 207781907 | 密集书库/ [索取号:D643/106=3] | 在馆 | |
| 13 | 0779937 | 207799373 | 密集书库/ [索取号:D643/106=3] | 在馆 |